000 00497nam a2200169 i 4500
001 101430
003 ES-MaACL
005 20230906182914.0
007 t|
008 051018s1921 fr ||||1| fre d
100 1 _aMazon, André.
_979486
245 1 0 _aGrammaire de la langue tchèque /
_cpar André Mazon.
260 _aParis :
_b[s.n.],
_c1921 (
_ePrague :
_fCeskágrafická Unie)
300 _a252 p. ;
_c23 cm.
650 4 _aLengua checa-
_xGramática.
_9163181
852 _aES-MaACL
_jB-3597
999 _c101430
_d101430